Projective identification and psychotherapeutic technique (Record no. 231334)
[ view plain ]
| 000 -LEADER | |
|---|---|
| fixed length control field | 01291nam a2200337 a 4500 |
| 100 1# - MAIN ENTRY--AUTHOR NAME | |
| Personal name | Ogden, Thomas H. |
| 245 10 - TITLE STATEMENT | |
| Title | Projective identification and psychotherapeutic technique |
| 260 ## - PUBLICATION, DISTRIBUTION, ETC. (IMPRINT) | |
| Place of publication | London : |
| Name of publisher | Karnac Books, |
| Year of publication | 1992. |
| 300 ## - PHYSICAL DESCRIPTION | |
| Number of Pages | x, 236 p. |
| 490 1# - SERIES STATEMENT | |
| Series statement | Maresfield library |
| 500 ## - GENERAL NOTE | |
| General note | First published by Jason Aronson Inc., 1982. |
| 650 #0 - SUBJECT ADDED ENTRY--TOPICAL TERM | |
| Topical Term | Projective identification. |
| Topical Term | Psychotherapy. |
| Topical Term | Projection (Psychology) |
| 856 40 - ELECTRONIC LOCATION AND ACCESS | |
| Uniform Resource Identifier | http://site.ebrary.com/lib/rucke/Doc?id=10497261 |
No items available.
